000 00946cam a2200277 4500
008 090401t1993 xxu||||| |||| 00| 0 eng d
020 _a9264138188
035 _a(Sirsi) u25028
041 _aeng
050 _a333.3321
110 _aOrganisation for Economic Co-Operation and Development
245 _aValuation and privatisation.
260 _aParis
_bOECD
_c1993
300 _a118p. ; 23cm.
350 _a17
520 _aReport based on a seminar, organised by the CCEET in Budapest, November 1991, on the valuation of assets and liabilities and business valuations in the Czech Republic, Slovakia, Hungary and Poland.
650 _aBUSINESS VALUATIONS
650 _aCZECH REPUBLIC
650 _aCZECHOSLOVAKIA
650 _aGERMANY
650 _aVALUATION OF ASSETS
690 _aOVERSEAS-EUROPE
710 _aCentre for Co-operation with the European Economies in Transition
_9813
942 _n0
948 _c04/03/1997
999 _c88659
_d88659